| 000 | 01212nam a22002657a 4500 | ||
|---|---|---|---|
| 005 | 20170124103206.0 | ||
| 010 | _aB-081071 | ||
| 020 |
_c300.00 _a817524190 |
||
| 035 | _aB-081071 | ||
| 037 | _bCen Lib/Ret | ||
| 040 |
_aDPL _bHN |
||
| 082 |
_a796.0194 _bथानीयो |
||
| 100 |
_aथानी, योगराज _993849 |
||
| 245 |
_aमहिलाएं और खेल / _cयोगराज थानी |
||
| 246 |
_aMahilayen aur khel / _bby Yograj Thani |
||
| 260 |
_aनई दिल्ली _bखेल साहित्य केन्द्र _c1989 |
||
| 270 |
_a4264/3, अंसारी रोड, दरिया गंज _bनई दिल्ली _e110002 |
||
| 300 |
_a168पृ. : _c21सेमी(सजिल्द) _bसचित्र |
||
| 500 | _aअनुक्रमणिका शामिल | ||
| 650 |
_aमहिलाएं तथा खेल प्रदर्शन _993850 |
||
| 650 |
_aटेबल टेनिस--भारतीय महिलाएं _993851 |
||
| 650 |
_aWomen and Sports Performance _993852 |
||
| 650 |
_aTable Tennis--Women Of India _993853 |
||
| 942 |
_2ddc _cHN _h796.0194 _mथानीयो |
||
| 999 |
_c121001 _d121001 |
||